Zákon o daniach z príjmov v praxi (na rok 1996)
Na minha lista:
| Formato: | Livro |
|---|---|
| Idioma: | eslovaco |
| Publicado em: |
Bratislava
EPOS
1996
|
| Edição: | 1. vyd. |
| Assuntos: | |
| Tags: |
Sem tags, seja o primeiro a adicionar uma tag!
|
MARC
| LEADER | 00000nam a2200000 4500 | ||
|---|---|---|---|
| 001 | c013447 | ||
| 005 | 20221128074734.2 | ||
| 020 | |a 80-88810-32-9 | ||
| 041 | 0 | |a slo | |
| 044 | |a SK | ||
| 245 | 1 | 0 | |a Zákon o daniach z príjmov v praxi (na rok 1996) |
| 250 | |a 1. vyd. | ||
| 264 | 1 | |a Bratislava |b EPOS |c 1996 | |
| 300 | |a 304 s. | ||
| 610 | 2 | 0 | |a dane z príjmov |
| 610 | 2 | 0 | |a Slovensko |
| 610 | 2 | 0 | |a vyhlášky |
| 610 | 2 | 0 | |a opatrenia |
| 610 | 2 | 0 | |a predpisy právne |
| 610 | 2 | 0 | |a 1996 |